000 00609nam a2200229 a 4500
001 nice12345678
003 IN_TiNIC
005 20260116015239.0
008 050524s2000 newa grp 000 0 eng
020 _a
_c100
082 0 0 _a954.165
_bIRA1
100 _aIrali, Kakd
245 _aNagaland and India
_b The Blood and the Tears
260 _aNew Delhi
_bQaumi Council Barai Taraqi-E-Urdu Lang
_c2000
500 _aincludes index and biblioraphy
505 2 _aForeign Parts 1701-1950
650 _aNagaland-Politics
700 1 _aIrali, Kakd
902 _bSRS
942 _cBK
999 _c18903
_d18903